Modems for dummies (Record no. 40997)

MARC details
000 -LEADER
fixed length control field 00305nam a2200121Ia 4500
082 ## - DEWEY DECIMAL CLASSIFICATION NUMBER
Classification number 681.31MOD
Item number RAT
100 ## - MAIN ENTRY--AUTHOR NAME
Personal name Rathbone, Tina
245 #0 - TITLE STATEMENT
Title Modems for dummies
250 ## - EDITION STATEMENT
Edition statement Ed.2
260 ## - PUBLICATION, DISTRIBUTION, ETC. (IMPRINT)
Place of publication New Delhi
Name of publisher Comdex Computer Publishing
Year of publication 1995
942 ## - ADDED ENTRY ELEMENTS (KOHA)
Koha item type Books
Holdings
Withdrawn status Lost status Damaged status Not for loan Home library Current library Date acquired Cost, normal purchase price Full call number Accession Number Koha item type
        RRII Library RRII Library 16/12/2021 150.00 681.31MOD RAT 21290 Books